Divergente - Personnages par images - Statistiques

Statistiques générales
  • Ce quiz a été pris 808 fois
  • Le résultat moyen est 7 sur 16
Statistiques - réponses
Par images Réponse % Correct
Tobias Eaton/Quatre
99%
Béatrice Prior/Tris
96%
Christina
67%
Caleb Prior
62%
Peter
61%
Will
53%
Marcus Eaton
51%
Eric
45%
Jeannine Matthews
40%
Tori
36%
Johanna Reyes
29%
Andrew Prior
25%
Max
25%
Evelyn Johnson Eaton
23%
Nathalie Prior
21%
Jack Kang
14%
Aucun quiz correspondant
Distribution des résultats
% des personnes avec chaque résultat
Percentile par nombre de réponses
Votre historique - résultats
Vous n’avez pas pris ce quiz